النسب ومدى تأثير المستجدات العلمية في إثباته : دراسة فقهية تحليلية /
Saved in:
| Main Author: | |
|---|---|
| Other Authors: | |
| Format: | Thesis |
| Language: | Arabic |
| Published: |
Kuala Lumpur :
Kulliyah Ma'arif al-Wahy wa al-'Ulum al-Insaniyah, al-Jami'ah al-Islamiyah al-'Alamiyah bi- Maliziya,
2005
|
| Subjects: | |
| Online Access: | http://studentrepo.iium.edu.my/handle/123456789/8703 |
| Tags: |
Add Tag
No Tags, Be the first to tag this record!
|
| LEADER | 029740000a22004930004500 | ||
|---|---|---|---|
| 001 | 326955 | ||
| 005 | 20230228151252.0 | ||
| 008 | 051124s2005 my g 000 0 ara d | ||
| 035 | |a (Sirsi) 326955 | ||
| 040 | |a UIAM |b eng | ||
| 041 | 0 | |a ara | |
| 050 | 0 | 0 | |a BP158.5.L4 |
| 100 | 1 | |a بورقعة، سفيان |9 35448 | |
| 242 | 1 | 3 | |a al-Nasab wa-mada ta'thir al-mustajidat al-'ilmiyah fi ithbatihi : |b dirasah fiqhiyah tahliliyah |
| 245 | 1 | 2 | |a النسب ومدى تأثير المستجدات العلمية في إثباته : |b دراسة فقهية تحليلية / |c إعداد سفيان عمر بورقعة |
| 260 | |a Kuala Lumpur : |b Kulliyah Ma'arif al-Wahy wa al-'Ulum al-Insaniyah, al-Jami'ah al-Islamiyah al-'Alamiyah bi- Maliziya, |c 2005 | ||
| 300 | |a س، 433 leaves ; |c 30 cm. | ||
| 336 | |2 rdacontent | ||
| 337 | |2 rdamedia | ||
| 338 | |2 rdacarrier | ||
| 500 | |a "Bahth takmili li-nayl darjat al-Dukturah fi al-Fiqh al-Islami (Qism al-Fiqh wa-Usulihi)."--On t.p. | ||
| 500 | |a Abstracts in English and Arabic. | ||
| 502 | |a Thesis (Ph.D.) -- International Islamic University Malaysia, 2005 | ||
| 504 | |a Includes bibliographical references (leaves 411-433). | ||
| 530 | |a Also available on 3 1/2 in. computer disk-converted into 4 3/4 in. computer optical disc. | ||
| 650 | 0 | |a Kinship (Islamic law) |9 35449 | |
| 650 | 0 | |a DNA fingerprinting |9 35450 | |
| 650 | 0 | |a Consanguinity (Islamic law) |9 35451 | |
| 650 | 0 | |a Surrogate motherhood |x Religious aspects Islam |9 14940 | |
| 650 | 0 | |a Biomedical engineering |x Religious aspects Islam |9 35452 | |
| 655 | 0 | 7 | |a Theses, IIUM local |
| 690 | 0 | |a Dissertations, Academic |x Department of Fiqh and Usul al-Fiqh |z IIUM | |
| 700 | 1 | 0 | |a Bourega, Soufiane |9 35453 |
| 710 | 2 | |a International Islamic University Malaysia. |b Department of Arabic Language and Literature | |
| 730 | 0 | |a Nasab wa-mada ta'thir al-mustajidat al-'ilmiyah fi ithbatihi : dirasah fiqhiyah tahliliyah, al-. (Computer file) |9 35454 | |
| 775 | 0 | |a بورقعة، سفيان |b al-Tab'ah 1. |d al-Riyad : Dar al-Kunuz Ishbiliyah, 2007 |e ara |f su |t النسب ومدى تأثير المستجدات العلمية في إثباته : |z 9960701719 | |
| 856 | 4 | |u http://studentrepo.iium.edu.my/handle/123456789/8703 | |
| 900 | |a sn-jmd-his-naw | ||
| 942 | |2 lcc |n 0 | ||
| 999 | |c 435492 |d 464365 | ||
| 952 | |0 0 |6 T BP 000158.5 L4B771N 2005 |7 0 |8 THESES |9 754600 |a IIUM |b IIUM |c MULTIMEDIA |g 0.00 |o t BP158.5L4B771N 2005 |p 00000935449 |r 2017-10-17 |t 1 |v 0.00 |y THESIS | ||
| 952 | |0 0 |1 7 |6 TS CDF BP158.5L4B771N 2005 |7 18 |8 THESES |9 988958 |a IIUM |b IIUM |c MULTIMEDIA |g 0.00 |o ts cdf BP158.5L4B771N 2005 |p 00000935452 |r 1900-01-02 |t 3 |v 0.00 |y THESISDIG | ||
| 952 | |0 0 |1 7 |6 TS CDF BP158.5L4B771N 2005 |7 18 |8 THESES |9 988959 |a IIUM |b IIUM |c MULTIMEDIA |g 0.00 |o ts cdf BP158.5L4B771N 2005 |p 00000935451 |r 1900-01-02 |t 2 |v 0.00 |y THESISDIG | ||
| 952 | |0 0 |1 7 |6 TS CDF BP158.5L4B771N 2005 |7 18 |8 THESES |9 988960 |a IIUM |b IIUM |c MULTIMEDIA |g 0.00 |o ts cdf BP158.5L4B771N 2005 |p 00000935450 |r 1900-01-02 |t 1 |v 0.00 |y THESISDIG | ||
